LEADER 00976nam a2200277 i 4500 001 991001642309707536 005 20020502193829.0 008 010628s1996 it ||| | ita 020 $a8886211538 035 $ab10883939-39ule_inst 035 $aLE02373608$9ExL 040 $aDip.to Studi Storici$bita 082 0 $a306 082 0 $a869.34 100 1 $aSobrero, Alberto M.$0124760 245 10$aHora de Bai :$bantropologia e letteratura delle Isole di Capo Verde /$cAlberto M. Sobrero 260 $aLecce :$bArgo,$c[c1996] 300 $a302 p. :$bill., 1 c. geogr. ;$c20 cm. 490 0 $aMnemosyne ;$v7 650 4$aAntropologia culturale - Capo Verde 907 $a.b10883939$b23-02-17$c28-06-02 912 $a991001642309707536 945 $aLE023 306 SOB 1 1$g1$i2023000050668$lle023$o-$pE0.00$q-$rl$s- $t0$u2$v0$w2$x0$y.i10991050$z28-06-02 996 $aHora de Bai$9917402 997 $aUNISALENTO 998 $ale023$b01-01-01$cm$da $e-$fita$git $h0$i1 LEADER 03455 am 2200553 n 450 001 9910495897803321 005 20201116 010 $a2-37928-097-5 024 7 $a10.4000/books.putc.12097 035 $a(CKB)5590000000430809 035 $a(FrMaCLE)OB-putc-12097 035 $a(oapen)https://directory.doabooks.org/handle/20.500.12854/86884 035 $a(PPN)267930240 035 $a(EXLCZ)995590000000430809 100 $a20210104j|||||||| ||| 0 101 0 $afre 135 $auu||||||m|||| 181 $ctxt$2rdacontent 182 $cc$2rdamedia 183 $acr$2rdacarrier 200 10$aMélanges Germain Sicard /$fGermain Sicard 210 $aToulouse $cPresses de l?Université Toulouse Capitole$d2020 215 $a1 online resource (493+673 p.) 225 1 $aÉtudes d?histoire du droit et des idées politiques 311 $a2-909628-58-2 330 $aCes volumes témoignent de l?activité scientifique considérable de Germain Sicard. Du xviiie siècle à nos jours, les thèmes de ses travaux correspondent à trois de ses préoccupations constantes : la famille, la religion et l?époque de la révolution française de 1789, thèmes d?ailleurs si étroitement liés dans son ?uvre qu?il est parfois difficile de les classer en l?une ou l?autre catégorie. S?agissant d?abord de la famille, il a été à l?origine d?une grande enquête sur les contrats de mariage dans la région toulousaine au cours du xixe siècle qui lui a permis de mieux dater l?évolution profonde qui a conduit à l?abandon du régime dotal, traditionnel dans le midi, au bénéfice du régime de communauté, profondément étranger à l?esprit méridional des temps passés. Il lui a paru également utile d?enquêter sur les pratiques testamentaires pour montrer les correctifs apportés aux principes égalitaires trop rigides imposés par le code civil. Pour ce qui est, en deuxième lieu, de l?histoire de la religion, le choix forcément restreint effectué pour ce recueil constitue une vue d?ensemble sur le catholicisme social depuis sa genèse au début du xixe siècle jusqu?à son épanouissement au cours de ce siècle et sa codification dans les grandes encycliques du xxe, sans négliger les enseignements de prélats aussi engagés que le fut Monseigneur Saliège, dont le souvenir demeure en bien des Toulousains. En ce qui concerne, enfin, la Révolution, Germain Sicard en traite divers aspects. En juriste, il en apprécie les innovations institutionnelles ; en historien des idées, il en détermine et en scrute la philosophie ; en chrétien, il en déplore les excès à l?égard de la religion et du clergé ; en homme enfin, il ne peut que compatir au sort des victimes et s?élever contre les violences qu?elles ont subies. 606 $aHistory 606 $aLaw 606 $amariage 606 $atestament 606 $aRévolution 606 $acatholicisme social 610 $amariage 610 $atestament 610 $aRévolution 610 $acatholicisme social 615 4$aHistory 615 4$aLaw 615 4$amariage 615 4$atestament 615 4$aRévolution 615 4$acatholicisme social 700 $aSicard$b Germain$0211699 701 $aGilles$b Henri$0213504 801 0$bFR-FrMaCLE 906 $aBOOK 912 $a9910495897803321 996 $aMélanges Germain Sicard$93036222 997 $aUNINA